[Event "English Open Championship"]
[Site "Kenilworth"]
[Date "2023.05.29"]
[Round "7.15"]
[White "Southcott-Moyers, Indy"]
[Black "Alldritt, Nigel RE"]
[Result "1-0"]
[WhiteElo "2040"]
[BlackElo "1954"]
[PlyCount "55"]
[EventDate "2023.05.26"]
[EventType "swiss"]
[EventRounds "7"]
[EventCountry "ENG"]
[SourceTitle "BritBase"]
[Source "John Saunders"]
[SourceDate "2023.05.30"]
[SourceVersion "1"]
[SourceVersionDate "2023.05.30"]
[SourceQuality "1"]

1. d4 Nf6 2. c4 g6 3. Nc3 d5 4. cxd5 Nxd5 5. e4 Nxc3 6. bxc3 Bg7 7. Be3 c5 8.
Qd2 O-O 9. Rc1 Qc7 10. Nf3 b6 11. Be2 Bb7 12. d5 Nd7 13. c4 e5 14. O-O Nf6 15.
Qc2 Ne8 16. Nd2 f5 17. f4 Nd6 18. Bd3 fxe4 19. Bxe4 exf4 20. Bxf4 Rxf4 21. Rxf4
Bh6 22. Rf3 Bxd2 23. Rcf1 Bh6 24. Bxg6 hxg6 25. Qxg6+ Bg7 26. Rh3 Nf7 27. Rg3
Nd8 28. Qe8+ 1-0

[Event "English Open Championship"]
[Site "Kenilworth"]
[Date "2023.05.29"]
[Round "7.16"]
[White "Hobson, Kenneth"]
[Black "Seymour, Timothy P"]
[Result "1-0"]
[WhiteElo "2104"]
[BlackElo "2094"]
[PlyCount "95"]
[EventDate "2023.05.26"]
[EventType "swiss"]
[EventRounds "7"]
[EventCountry "ENG"]
[SourceTitle "BritBase"]
[Source "John Saunders"]
[SourceDate "2023.05.30"]
[SourceVersion "1"]
[SourceVersionDate "2023.05.30"]
[SourceQuality "1"]

1. e4 e5 2. Nf3 Nc6 3. Bb5 Nf6 4. O-O Nxe4 5. d4 Nd6 6. Bxc6 dxc6 7. dxe5 Nf5
8. Qxd8+ Kxd8 9. h3 Ke8 10. Nc3 h5 11. Bf4 Be7 12. Rad1 Be6 13. Ng5 Rh6 14.
Nxe6 Rxe6 15. Rfe1 Rd8 16. Rxd8+ Kxd8 17. Kf1 h4 18. Ne4 c5 19. c3 Kd7 20. Nd2
g5 21. Bh2 Ra6 22. a3 Ke6 23. Ke2 Ra4 24. Kd3 b5 25. Re4 c4+ 26. Kc2 Kd5 27.
Re2 Ng7 28. Nf3 Nf5 29. e6 f6 30. Nxg5 Nd4+ 31. cxd4 fxg5 32. Re5+ Kxd4 33.
Rxb5 Ra6 34. Re5 Rc6 35. f3 a6 36. Kd2 Rb6 37. Kc2 c5 38. Rf5 Ke3 39. Bg1+ Ke2
40. Re5+ Kf1 41. Be3 Kxg2 42. Bxg5 Bxg5 43. Rxg5+ Kxh3 44. Rg6 Rb3 45. e7 Re3
46. Rg7 Kh2 47. Kd2 c3+ 48. bxc3 1-0

[Event "English Open Championship"]
[Site "Kenilworth"]
[Date "2023.05.29"]
[Round "7.17"]
[White "Badacsonyi, Frankie"]
[Black "Pert, Max P"]
[Result "1-0"]
[WhiteElo "1974"]
[BlackElo "1848"]
[PlyCount "55"]
[EventDate "2023.05.26"]
[EventType "swiss"]
[EventRounds "7"]
[EventCountry "ENG"]
[SourceTitle "BritBase"]
[Source "John Saunders"]
[SourceDate "2023.05.30"]
[SourceVersion "1"]
[SourceVersionDate "2023.05.30"]
[SourceQuality "1"]

1. e4 c6 2. Nf3 d5 3. d3 Bg4 4. h3 Bxf3 5. Qxf3 e6 6. g3 Nf6 7. Bg2 Qa5+ 8. Nd2
Nbd7 9. O-O Bd6 10. Qe2 O-O-O 11. c4 Rhe8 12. Nb3 Qa6 13. Be3 Kb8 14. Rfc1 c5
15. cxd5 exd5 16. exd5 b6 17. Qd2 Qb5 18. Bf4 Ne5 19. Bxe5 Bxe5 20. d4 Bc7 21.
dxc5 Re2 22. Qd1 Bxg3 23. fxg3 Qe8 24. Rc2 Re3 25. cxb6 a6 26. Na5 Rxd5 27.
Bxd5 Rxg3+ 28. Bg2 1-0

[Event "English Open Championship"]
[Site "Kenilworth"]
[Date "2023.05.29"]
[Round "7.18"]
[White "Merriman, James"]
[Black "Liu, Jack"]
[Result "1/2-1/2"]
[WhiteElo "2057"]
[BlackElo "1915"]
[PlyCount "61"]
[EventDate "2023.05.26"]
[EventType "swiss"]
[EventRounds "7"]
[EventCountry "ENG"]
[SourceTitle "BritBase"]
[Source "John Saunders"]
[SourceDate "2023.05.30"]
[SourceVersion "1"]
[SourceVersionDate "2023.05.30"]
[SourceQuality "1"]

1. d4 Nf6 2. c4 g6 3. Nc3 d5 4. Nf3 Bg7 5. Bf4 O-O 6. Rc1 dxc4 7. e3 c5 8. dxc5
Qa5 9. Bxc4 Qxc5 10. Bb3 Nc6 11. O-O Qa5 12. h3 Bf5 13. Qe2 Ne4 14. Nxe4 Bxe4
15. Rfd1 Bxf3 16. Qxf3 Rad8 17. Qe2 Rxd1+ 18. Rxd1 Rd8 19. Bg3 Rxd1+ 20. Qxd1
Qd8 21. Qc2 e6 22. Ba4 Ne5 23. Bb5 a6 24. Bf1 h5 25. Bxe5 Bxe5 26. b3 Bb8 27.
Bd3 Kg7 28. Be4 b6 29. Qc3+ Kh7 30. Bf3 Qc7 31. Qxc7 1/2-1/2

[Event "English Open Championship"]
[Site "Kenilworth"]
[Date "2023.05.29"]
[Round "7.19"]
[White "Jackson, Edward"]
[Black "Pal, Rohan"]
[Result "1-0"]
[WhiteElo "1968"]
[BlackElo "1955"]
[PlyCount "107"]
[EventDate "2023.05.26"]
[EventType "swiss"]
[EventRounds "7"]
[EventCountry "ENG"]
[SourceTitle "BritBase"]
[Source "John Saunders"]
[SourceDate "2023.05.30"]
[SourceVersion "1"]
[SourceVersionDate "2023.05.30"]
[SourceQuality "1"]

1. e4 c5 2. c3 d5 3. exd5 Qxd5 4. d4 e6 5. Nf3 Nf6 6. Na3 Nc6 7. Bc4 Qd8 8. O-O
cxd4 9. cxd4 Be7 10. Bb3 O-O 11. Nc4 b6 12. a3 Bb7 13. Bf4 Na5 14. Nxa5 bxa5
15. Ne5 Qb6 16. Be3 Rfd8 17. Rc1 Bd5 18. Bxd5 Nxd5 19. Qh5 f6 20. Qf7+ Kh8 21.
Nc6 Re8 22. Qxe6 Nxe3 23. Qxe3 Bd6 24. Qd2 Re4 25. Qxa5 Qxa5 26. Nxa5 Rxd4 27.
Rfd1 Be5 28. Rxd4 Bxd4 29. Rc2 Kg8 30. Rd2 Bb6 31. Nc4 Rc8 32. b3 Rc7 33. g3
Kf7 34. Kg2 Ke6 35. h4 h5 36. Rd6+ Ke7 37. Rd5 g6 38. a4 Rc6 39. Kf3 Bc5 40.
Kg2 Ke6 41. Rd3 Rc7 42. Nd2 Ke5 43. f4+ Ke6 44. Kf3 Bb4 45. Ne4 Rc1 46. Rd4 Ba5
47. Rd6+ Ke7 48. Rxf6 Rb1 49. Rxg6 Rxb3+ 50. Kg2 Rb4 51. Rg7+ Kf8 52. Rxa7 Rxa4
53. Nf6 Ra2+ 54. Kh3 1-0

[Event "English Open Championship"]
[Site "Kenilworth"]
[Date "2023.05.29"]
[Round "7.20"]
[White "Payne, Matthew J"]
[Black "Murawski, Jan"]
[Result "0-1"]
[WhiteElo "2153"]
[BlackElo "1896"]
[PlyCount "50"]
[EventDate "2023.05.26"]
[EventType "swiss"]
[EventRounds "7"]
[EventCountry "ENG"]
[SourceTitle "BritBase"]
[Source "John Saunders"]
[SourceDate "2023.05.30"]
[SourceVersion "1"]
[SourceVersionDate "2023.05.30"]
[SourceQuality "1"]

1. e4 e5 2. Nf3 Nc6 3. Bc4 Bc5 4. c3 Nf6 5. d4 exd4 6. e5 d5 7. Bb5 Ne4 8. cxd4
Bb4+ 9. Bd2 Nxd2 10. Nbxd2 O-O 11. O-O Bg4 12. h3 Bh5 13. Bxc6 bxc6 14. Qc2 c5
15. dxc5 Qe7 16. Nb3 Bxf3 17. gxf3 Qg5+ 18. Kh1 Qh5 19. a3 Qxh3+ 20. Kg1 Rae8
21. f4 Re6 22. f3 Rg6+ 23. Qxg6 fxg6 24. axb4 Qg3+ 25. Kh1 Rxf4 0-1

[Event "English Open Championship"]
[Site "Kenilworth"]
[Date "2023.05.29"]
[Round "7.21"]
[White "Green, Michael"]
[Black "Yoon, Jacob D"]
[Result "1/2-1/2"]
[WhiteElo "1917"]
[BlackElo "2035"]
[PlyCount "60"]
[EventDate "2023.05.26"]
[EventType "swiss"]
[EventRounds "7"]
[EventCountry "ENG"]
[SourceTitle "BritBase"]
[Source "John Saunders"]
[SourceDate "2023.05.30"]
[SourceVersion "1"]
[SourceVersionDate "2023.05.30"]
[SourceQuality "1"]

1. Nf3 d5 2. c4 d4 3. b4 f6 4. e3 e5 5. a3 c5 6. bxc5 Nc6 7. d3 dxe3 8. Bxe3
Bxc5 9. Be2 Nd4 10. Bxd4 Bxd4 11. Nxd4 Qxd4 12. Ra2 Ne7 13. Nd2 Nc6 14. O-O O-O
15. Nb3 Qd6 16. c5 Qd8 17. d4 Be6 18. Rd2 Nxd4 19. Nxd4 exd4 20. Bf3 Qc7 21.
Rxd4 Qxc5 22. Bxb7 Rab8 23. Bd5 Bxd5 24. Rxd5 Qxa3 25. Qa1 Qe7 26. Re1 Qf7 27.
Red1 Rb7 28. g3 g6 29. Qa4 Qe6 30. Rd6 Qb3 1/2-1/2

[Event "English Open Championship"]
[Site "Kenilworth"]
[Date "2023.05.29"]
[Round "7.22"]
[White "Mikalajunas, Kajus"]
[Black "Watson, Jacob"]
[Result "1/2-1/2"]
[WhiteElo "1828"]
[BlackElo "1886"]
[PlyCount "72"]
[EventDate "2023.05.26"]
[EventType "swiss"]
[EventRounds "7"]
[EventCountry "ENG"]
[SourceTitle "BritBase"]
[Source "John Saunders"]
[SourceDate "2023.05.30"]
[SourceVersion "1"]
[SourceVersionDate "2023.05.30"]
[SourceQuality "1"]

1. e4 c5 2. c3 e6 3. d4 d5 4. e5 Nc6 5. Nf3 Qb6 6. Bd3 Bd7 7. dxc5 Bxc5 8. O-O
Qc7 9. Qe2 Nge7 10. a4 a6 11. b4 Bb6 12. Ba3 Ng6 13. Re1 Nce7 14. g3 Nf5 15. b5
axb5 16. Bxf5 exf5 17. Ng5 Be6 18. Qxb5+ Qc6 19. Nd2 Qxb5 20. axb5 Kd7 21. Nb3
Rhc8 22. Bb4 Rxa1 23. Nxa1 Ra8 24. Nb3 Ra2 25. Bc5 Rb2 26. Bxb6 Rxb3 27. Bd4
Rxb5 28. Nxh7 f4 29. Ng5 fxg3 30. hxg3 Ne7 31. Nxe6 Kxe6 32. g4 Nc6 33. f4 g6
34. Kf2 Nxd4 35. cxd4 Rb4 36. Rd1 Rb3 1/2-1/2

[Event "English Open Championship"]
[Site "Kenilworth"]
[Date "2023.05.29"]
[Round "7.23"]
[White "Dasgupta, Avyukt"]
[Black "Gordon, Sean"]
[Result "1/2-1/2"]
[WhiteElo "1788"]
[BlackElo "1791"]
[PlyCount "98"]
[EventDate "2023.05.26"]
[EventType "swiss"]
[EventRounds "7"]
[EventCountry "ENG"]
[SourceTitle "BritBase"]
[Source "John Saunders"]
[SourceDate "2023.05.30"]
[SourceVersion "1"]
[SourceVersionDate "2023.05.30"]
[SourceQuality "1"]

1. e4 c5 2. Nf3 d6 3. e5 dxe5 4. Nxe5 Nf6 5. Nc3 Nbd7 6. Bb5 a6 7. Bxd7+ Nxd7
8. Nxd7 Bxd7 9. b3 Bc6 10. f3 g6 11. Bb2 Bg7 12. Na4 Bxb2 13. Nxb2 Qd4 14. Nc4
O-O 15. Rb1 Rad8 16. Qe2 b5 17. Ne5 Ba8 18. Qe3 Qh4+ 19. Qf2 Qxf2+ 20. Kxf2
Rxd2+ 21. Kg3 Rxc2 22. Rhc1 Rxa2 23. Rxc5 Rd2 24. Rc7 Rd5 25. Rxe7 Kg7 26. Nd7
Rd8 27. Nb6 Rg5+ 28. Kh3 Bd5 29. Nxd5 Rdxd5 30. Rb2 h5 31. f4 Rd3+ 32. g3 Rg4
33. Ra7 Rxf4 34. Rxa6 Rb4 35. Ra3 g5 36. Kg2 Kg6 37. Ra6+ Kg7 38. Ra7 Rbd4 39.
Rf2 Rd7 40. Rxd7 Rxd7 41. Rf5 f6 42. Rxb5 Rd2+ 43. Kg1 Kg6 44. h3 Rb2 45. Kh1
Kf7 46. Kg1 Ke6 47. Kh1 Rd2 48. Kg1 Rb2 49. Kh1 Kf7 1/2-1/2

[Event "English Open Championship"]
[Site "Kenilworth"]
[Date "2023.05.29"]
[Round "7.24"]
[White "De Coverly, Roger D"]
[Black "Ireland, David J"]
[Result "1-0"]
[WhiteElo "1945"]
[BlackElo "1911"]
[PlyCount "69"]
[EventDate "2023.05.26"]
[EventType "swiss"]
[EventRounds "7"]
[EventCountry "ENG"]
[SourceTitle "BritBase"]
[Source "John Saunders"]
[SourceDate "2023.05.30"]
[SourceVersion "1"]
[SourceVersionDate "2023.05.30"]
[SourceQuality "1"]

1. Nf3 Nf6 2. g3 d6 3. d4 c5 4. Bg2 cxd4 5. Nxd4 e5 6. Nb3 Nc6 7. e4 Be6 8. O-O
d5 9. exd5 Bxd5 10. Nc3 Bxg2 11. Kxg2 Be7 12. Bg5 O-O 13. Qe2 Nd5 14. Bxe7 Nxc3
15. Bxd8 Nxe2 16. Bg5 Ned4 17. Nxd4 Nxd4 18. c3 Ne6 19. Be3 b6 20. a4 Rfd8 21.
a5 Nc5 22. b4 Nd7 23. Rfd1 Kf8 24. axb6 Nxb6 25. Rxd8+ Rxd8 26. Rxa7 Nc4 27.
Bc5+ Kg8 28. b5 h6 29. b6 Rb8 30. b7 Kh7 31. Be7 Kg6 32. Bd8 Nd6 33. Ra6 Rxd8
34. Rxd6+ Rxd6 35. b8=Q 1-0

[Event "English Open Championship"]
[Site "Kenilworth"]
[Date "2023.05.29"]
[Round "7.25"]
[White "Brown, Tom"]
[Black "Paul, Nathanael"]
[Result "1/2-1/2"]
[WhiteElo "1959"]
[BlackElo "2004"]
[PlyCount "117"]
[EventDate "2023.05.26"]
[EventType "swiss"]
[EventRounds "7"]
[EventCountry "ENG"]
[SourceTitle "BritBase"]
[Source "John Saunders"]
[SourceDate "2023.05.30"]
[SourceVersion "1"]
[SourceVersionDate "2023.05.30"]
[SourceQuality "1"]

1. d4 d5 2. c4 Nc6 3. Nf3 e5 4. dxe5 d4 5. a3 a5 6. e3 Bc5 7. exd4 Nxd4 8. Nxd4
Bxd4 9. Qe2 Ne7 10. g3 Ra6 11. Bg2 Re6 12. O-O Rxe5 13. Qc2 Bf5 14. Qb3 O-O 15.
Bf4 Re6 16. c5 Bxc5 17. Rd1 Qb8 18. Nc3 Bb6 19. Na4 Ba7 20. Rac1 Nc6 21. Bd5
Re2 22. Nc5 Ne7 23. Bf3 a4 24. Qc3 Re6 25. Nxe6 fxe6 26. Qxc7 Qxc7 27. Rxc7 Ng6
28. Rxb7 Nxf4 29. gxf4 Bb8 30. Rdd7 Bxf4 31. Rxg7+ Kh8 32. Rgf7 Rg8+ 33. Kh1
Rc8 34. Rxf5 exf5 35. Rb4 Be5 36. Rb5 Bg7 37. Rxf5 Bxb2 38. Rf4 Bxa3 39. Rxa4
Bb2 40. Be4 Rc7 41. Rb4 Be5 42. Rb7 Rxb7 43. Bxb7 Kg7 44. Kg2 Kf6 45. Be4 h6
46. h4 Bf4 47. Kf3 Bd2 48. Kg4 Be1 49. f3 Bd2 50. Bh7 Kg7 51. Bd3 Kf6 52. f4
Bc1 53. h5 Bd2 54. Kf3 Bc1 55. Ke4 Bd2 56. Be2 Bc1 57. Bg4 Bd2 58. f5 Bg5 59.
Bf3 {Ke5+} 1/2-1/2

[Event "English Open Championship"]
[Site "Kenilworth"]
[Date "2023.05.29"]
[Round "7.26"]
[White "Bak, Christopher"]
[Black "Patel, Zain"]
[Result "0-1"]
[WhiteElo "2010"]
[BlackElo "1949"]
[PlyCount "122"]
[EventDate "2023.05.26"]
[EventType "swiss"]
[EventRounds "7"]
[EventCountry "ENG"]
[SourceTitle "BritBase"]
[Source "John Saunders"]
[SourceDate "2023.05.30"]
[SourceVersion "1"]
[SourceVersionDate "2023.05.30"]
[SourceQuality "1"]

1. e4 c6 2. d4 d5 3. e5 c5 4. Nf3 e6 5. c4 cxd4 6. Nxd4 Nc6 7. Nc3 Nge7 8. cxd5
Nxd5 9. Nxc6 bxc6 10. Bd2 Be7 11. Qa4 O-O 12. Qe4 Rb8 13. Rb1 Rb4 14. Qc2 Rd4
15. Be3 Rg4 16. Nxd5 Qxd5 17. f3 Bh4+ 18. Bf2 Qxe5+ 19. Be2 Bxf2+ 20. Kxf2 Rb4
21. Rhd1 c5 22. Qc3 Qc7 23. Rbc1 Qb6 24. b3 c4+ 25. Kf1 cxb3 26. Rb1 Ba6 27.
Rxb3 Bxe2+ 28. Kxe2 Qa6+ 29. Ke1 Rc4 30. Qd3 Qa5+ 31. Kf1 Rh4 32. Kg1 h6 33.
Qd2 Qc5+ 34. Qf2 Qxf2+ 35. Kxf2 Rxh2 36. Rd7 a5 37. Rb5 a4 38. Rb4 a3 39. Ra4
Rc8 40. Kg3 Rh5 41. Rxa3 Rg5+ 42. Kh3 Rc1 43. g3 Rg1 44. f4 Rg6 45. Kh2 Rc1 46.
Kh3 h5 47. Ra5 f5 48. Rd3 h4 49. Re5 Rg1 50. Kh2 R1xg3 51. Rxg3 hxg3+ 52. Kg2
Kf7 53. a4 Rg4 54. Re3 Rxf4 55. Ra3 Rb4 56. Kxg3 Rb6 57. Kf3 Kf6 58. Ke3 Ke5
59. Kd3 Kd5 60. Kc3 Kc5 61. Ra1 g5 0-1

[Event "English Open Championship"]
[Site "Kenilworth"]
[Date "2023.05.29"]
[Round "7.27"]
[White "Bharat Kumar, Balahari"]
[Black "Wilkinson, Daniel"]
[Result "1/2-1/2"]
[WhiteElo "1898"]
[BlackElo "1994"]
[PlyCount "52"]
[EventDate "2023.05.26"]
[EventType "swiss"]
[EventRounds "7"]
[EventCountry "ENG"]
[SourceTitle "BritBase"]
[Source "John Saunders"]
[SourceDate "2023.05.30"]
[SourceVersion "1"]
[SourceVersionDate "2023.05.30"]
[SourceQuality "1"]

1. d4 Nf6 2. c4 g6 3. Nc3 d5 4. Nf3 Bg7 5. Qb3 dxc4 6. Qxc4 O-O 7. e4 Na6 8.
Be2 c5 9. d5 e6 10. O-O exd5 11. exd5 Bf5 12. Bf4 Re8 13. Rfe1 Ne4 14. Bd3 Nxc3
15. bxc3 Bxd3 16. Qxd3 c4 17. Qxc4 Rc8 18. Qb5 Rxe1+ 19. Rxe1 Bxc3 20. Rd1 Nc5
21. h3 a6 22. Qe2 Qe8 23. Qxe8+ Rxe8 24. Rc1 Nd3 25. Rxc3 Nxf4 26. Rc7 Nxd5
1/2-1/2

[Event "English Open Championship"]
[Site "Kenilworth"]
[Date "2023.05.29"]
[Round "7.28"]
[White "Baer, Bruce L"]
[Black "Gibson, Christopher A"]
[Result "0-1"]
[WhiteElo "1950"]
[BlackElo "1836"]
[PlyCount "128"]
[EventDate "2023.05.26"]
[EventType "swiss"]
[EventRounds "7"]
[EventCountry "ENG"]
[SourceTitle "BritBase"]
[Source "John Saunders"]
[SourceDate "2023.05.30"]
[SourceVersion "1"]
[SourceVersionDate "2023.05.30"]
[SourceQuality "1"]

1. g3 d5 2. Bg2 e6 3. d3 Nf6 4. Nf3 Be7 5. O-O O-O 6. Nbd2 c5 7. e4 Nc6 8. e5
Nd7 9. Re1 b5 10. Nf1 Bb7 11. h4 Qc7 12. Bf4 Rfc8 13. h5 h6 14. Qd2 Bf8 15. c3
a5 16. Ne3 b4 17. Ng4 Qd8 18. Nxh6+ gxh6 19. Bxh6 Bxh6 20. Qxh6 Qf8 21. Qf4 Qg7
22. h6 Qg6 23. Nh4 Qh7 24. Bxd5 exd5 25. Qg4+ Kh8 26. Qxd7 Nd8 27. Nf5 Rc6 28.
Nd6 Ba6 29. Qe8+ Qg8 30. Nxf7+ Kh7 31. Qxg8+ Kxg8 32. Nxd8 Rxd8 33. d4 cxd4 34.
cxd4 Rc2 35. Rac1 Rxb2 36. h7+ Kxh7 37. Rc7+ Kg8 38. e6 Be2 39. f4 Rxa2 40. Rb7
Re8 41. f5 Bg4 42. Re5 Bxf5 43. e7 Bg6 44. Rxd5 Kf7 45. Re5 b3 46. d5 Rd2 47.
d6 Rxd6 48. Rxb3 Rxe7 49. Rxa5 Rd2 50. Rf3+ Kg7 51. Raa3 Re1+ 52. Rf1 Rxf1+ 53.
Kxf1 Kf6 54. Rf3+ Ke5 55. Ke1 Ra2 56. Re3+ Kd4 57. Re2 Ra1+ 58. Kf2 Bd3 59. Re7
Rf1+ 60. Kg2 Rf8 61. g4 Be4+ 62. Kg3 Ke3 63. g5 Rf1 64. Kh4 Kf4 0-1

[Event "English Open Championship"]
[Site "Kenilworth"]
[Date "2023.05.29"]
[Round "7.29"]
[White "Miller, George I"]
[Black "Fellowes, Billy"]
[Result "1/2-1/2"]
[WhiteElo "1849"]
[BlackElo "1824"]
[PlyCount "45"]
[EventDate "2023.05.26"]
[EventType "swiss"]
[EventRounds "7"]
[EventCountry "ENG"]
[SourceTitle "BritBase"]
[Source "John Saunders"]
[SourceDate "2023.05.30"]
[SourceVersion "1"]
[SourceVersionDate "2023.05.30"]
[SourceQuality "1"]

1. c4 e5 2. Nc3 Nc6 3. e4 Nf6 4. Nf3 d6 5. d4 exd4 6. Nxd4 Be7 7. Be2 O-O 8.
Be3 Re8 9. O-O Nxd4 10. Bxd4 Nd7 11. Bg4 Nb6 12. Bxc8 Rxc8 13. b3 Bf6 14. f3
Bxd4+ 15. Qxd4 Re5 16. f4 Re6 17. Rf3 Qe7 18. Raf1 f6 19. Re3 Re8 20. Rfe1 c6
21. Nd5 Qd8 22. Nxb6 Qxb6 23. Qxb6 1/2-1/2

[Event "English Open Championship"]
[Site "Kenilworth"]
[Date "2023.05.29"]
[Round "7.30"]
[White "Vaidyanathan, Adithya"]
[Black "Turner, Lewis A"]
[Result "0-1"]
[WhiteElo "1478"]
[BlackElo "1807"]
[PlyCount "72"]
[EventDate "2023.05.26"]
[EventType "swiss"]
[EventRounds "7"]
[EventCountry "ENG"]
[SourceTitle "BritBase"]
[Source "John Saunders"]
[SourceDate "2023.05.30"]
[SourceVersion "1"]
[SourceVersionDate "2023.05.30"]
[SourceQuality "1"]

1. Nf3 Nf6 2. d4 g6 3. c4 Bg7 4. Nc3 O-O 5. e4 d6 6. Be2 e5 7. d5 a5 8. h3 Na6
9. Be3 Nc5 10. Qc2 Nh5 11. g4 Nf4 12. O-O-O Qe7 13. Rdg1 c6 14. Nd2 Nxe2+ 15.
Nxe2 cxd5 16. cxd5 Bd7 17. Nb3 Na6 18. Kb1 Nb4 19. Qd2 Bb5 20. Nbc1 Rfc8 21.
Nc3 Qe8 22. h4 a4 23. a3 Na6 24. h5 Bc4 25. Bh6 Bh8 26. f3 b5 27. hxg6 fxg6 28.
Qh2 b4 29. Rg3 bxc3 30. Rh3 cxb2 31. Bd2 bxc1=Q+ 32. Bxc1 Bd3+ 33. Ka1 Rc2 34.
Bd2 Qb5 35. Rb1 Ra2+ 36. Kxa2 Qxb1# 0-1

[Event "English Womens Open Championship"]
[Site "Kenilworth"]
[Date "2023.05.26"]
[Round "1.1"]
[White "Sivanandan, Bodhana"]
[Black "Toma, Katarzyna"]
[Result "0-1"]
[WhiteElo "1792"]
[BlackElo "2254"]
[PlyCount "136"]
[EventDate "2023.05.26"]
[EventType "swiss"]
[EventRounds "7"]
[EventCountry "ENG"]
[SourceTitle "BritBase"]
[Source "John Saunders"]
[SourceDate "2023.05.30"]
[SourceVersion "1"]
[SourceVersionDate "2023.05.30"]
[SourceQuality "1"]

1. e4 c5 2. Nc3 a6 3. g3 b5 4. Bg2 Bb7 5. Nge2 e6 6. O-O Be7 7. Re1 d6 8. d4
cxd4 9. Nxd4 b4 10. Na4 Nd7 11. b3 Qc7 12. Bb2 Ngf6 13. c3 bxc3 14. Bxc3 O-O
15. Rc1 Rac8 16. Qd2 Qb8 17. Nb2 Rfd8 18. Ba5 Rxc1 19. Rxc1 Rc8 20. f3 d5 21.
exd5 Rxc1+ 22. Qxc1 Bc5 23. Bc3 e5 24. Nd3 exd4 25. Nxc5 dxc3 26. Nxd7 Nxd7 27.
Qxc3 Bxd5 28. Qd4 Qb7 29. Bh3 Nf8 30. f4 Qc6 31. Bf1 a5 32. Qd2 Qc5+ 33. Qf2
Qc3 34. Bg2 Bxg2 35. Kxg2 h6 36. Qf3 Qb2+ 37. Qf2 Qb1 38. Qd2 Qe4+ 39. Kg1 Qf5
40. Kg2 Ne6 41. Qe2 h5 42. h4 g6 43. Qc4 Nc5 44. Kf3 Nd3 45. Ke2 Nb4 46. a3 Nc2
47. a4 Nb4 48. Kf3 Kf8 49. Qe4 Qc8 50. Qe5 Qc6+ 51. Ke3 Qb6+ 52. Kf3 Nc6 53.
Qd6+ Kg8 54. Ke4 Qb7 55. Qd5 Kg7 56. Ke3 Qe7+ 57. Kf3 Qf6 58. Qc4 Ne5+ 59. Ke4
Nxc4 60. bxc4 Qc6+ 61. Kd3 Qxa4 62. c5 Qc6 63. Kc4 Kf6 64. Kd4 a4 65. Kc4 a3
66. Kb3 Qxc5 67. Ka2 Qb4 68. Ka1 Qb2# 0-1

[Event "English Womens Open Championship"]
[Site "Kenilworth"]
[Date "2023.05.26"]
[Round "1.2"]
[White "Hryshchenko, Kamila"]
[Black "Sheikh, Anum"]
[Result "1-0"]
[WhiteElo "2169"]
[BlackElo "1751"]
[PlyCount "83"]
[EventDate "2023.05.26"]
[EventType "swiss"]
[EventRounds "7"]
[EventCountry "ENG"]
[SourceTitle "BritBase"]
[Source "John Saunders"]
[SourceDate "2023.05.30"]
[SourceVersion "1"]
[SourceVersionDate "2023.05.30"]
[SourceQuality "1"]

1. e4 c5 2. d3 e6 3. f4 d5 4. Be2 Nc6 5. c3 Nf6 6. e5 Nd7 7. Nf3 d4 8. O-O Be7
9. Nbd2 b5 10. Ne4 Qc7 11. Bd2 Bb7 12. Rc1 Qb8 13. Kh1 h5 14. Nfg5 g6 15. Bf3
Nd8 16. Qe1 dxc3 17. bxc3 Kf8 18. Qg3 Nb6 19. Rb1 a6 20. c4 b4 21. Be3 Qc7 22.
Rfc1 Rc8 23. Qf2 a5 24. Be2 Ba6 25. a3 Kg7 26. axb4 axb4 27. d4 cxd4 28. Bxd4
Nd7 29. Nd6 Rb8 30. Ndxf7 Bxg5 31. Nxg5 Re8 32. Bd3 Nc6 33. Bb2 Qb6 34. Qg3 Nf8
35. f5 exf5 36. e6+ Kg8 37. c5 Qb7 38. Bxa6 Qxa6 39. e7 Rxe7 40. Qb3+ Ne6 41.
Nxe6 Na5 42. Qg3 1-0

[Event "English Womens Open Championship"]
[Site "Kenilworth"]
[Date "2023.05.26"]
[Round "1.3"]
[White "Gamal, Alaa"]
[Black "Pert, Nina P"]
[Result "0-1"]
[WhiteElo "1752"]
[BlackElo "1999"]
[PlyCount "86"]
[EventDate "2023.05.26"]
[EventType "swiss"]
[EventRounds "7"]
[EventCountry "ENG"]
[SourceTitle "BritBase"]
[Source "John Saunders"]
[SourceDate "2023.05.30"]
[SourceVersion "1"]
[SourceVersionDate "2023.05.30"]
[SourceQuality "1"]

1. d4 d5 2. Nf3 e6 3. g3 Nf6 4. Bg2 c5 5. c4 Nc6 6. cxd5 exd5 7. O-O h6 8. b3
Be6 9. Bb2 Rc8 10. Nc3 Be7 11. dxc5 Bxc5 12. Nb5 O-O 13. Nbd4 Bg4 14. Rc1 Ne7
15. Qd3 Ng6 16. h3 Bd7 17. Rfd1 Qb6 18. e3 Rfd8 19. a3 a5 20. Bf1 Ne4 21. Rc2
h5 22. Rdc1 Qd6 23. Nb5 Qe7 24. Kg2 Bb6 25. Rxc8 Bxc8 26. Bd4 Bxh3+ 27. Kg1
Bxf1 28. Kxf1 Bxd4 29. Nfxd4 Qf6 30. Rc2 Nxg3+ 31. Ke1 Ne5 32. Qc3 Ne4 33. Qc7
Nd3+ 34. Kd1 Ndxf2+ 35. Kc1 h4 36. Kb2 Nd1+ 37. Ka2 Nxe3 38. Rh2 Re8 39. Qc1
Ng4 40. Rg2 Nef2 41. Qg1 h3 42. Rxg4 Nxg4 43. Qxg4 Qf2+ 0-1

[Event "English Womens Open Championship"]
[Site "Kenilworth"]
[Date "2023.05.26"]
[Round "1.4"]
[White "Kueh, Audrey"]
[Black "Hariharan, Shambavi"]
[Result "1-0"]
[WhiteElo "2129"]
[BlackElo "1523"]
[PlyCount "71"]
[EventDate "2023.05.26"]
[EventType "swiss"]
[EventRounds "7"]
[EventCountry "ENG"]
[SourceTitle "BritBase"]
[Source "John Saunders"]
[SourceDate "2023.05.30"]
[SourceVersion "1"]
[SourceVersionDate "2023.05.30"]
[SourceQuality "1"]

1. e4 c6 2. d4 d5 3. Nd2 dxe4 4. Nxe4 Bf5 5. Ng3 Bg6 6. Nf3 Nd7 7. h4 h6 8. h5
Bh7 9. Bd3 Bxd3 10. Qxd3 e6 11. Bd2 Ngf6 12. O-O-O Qc7 13. Ne4 Nxe4 14. Qxe4
Bd6 15. Rh4 O-O-O 16. a3 Nf6 17. Qe2 Rhe8 18. Ne5 c5 19. Nc4 Nd5 20. Nxd6+ Qxd6
21. dxc5 Qc6 22. Rg4 Rg8 23. Ba5 Rd7 24. Kb1 Nf6 25. Rxd7 Nxd7 26. Bc3 f6 27.
Bd4 e5 28. Be3 f5 29. Rg6 Nf6 30. Qc4 Qe8 31. Bxh6 Nxh5 32. Bg5 Nf6 33. Bxf6
Qxg6 34. Qxg8+ Kc7 35. Qd8+ Kc6 36. c4 1-0